| 000 | 01774cab a2200457 4500 | ||
|---|---|---|---|
| 001 | ABS54362 | ||
| 008 | 090401t1996 xxu||||| |||| 00| 0 eng d | ||
| 035 | _a(Sirsi) u9974 | ||
| 041 | _aeng | ||
| 100 | _aWilliams, D. | ||
| 245 | _aAssignment of leases - update | ||
| 260 | _c1996 | ||
| 350 | _a0 | ||
| 490 |
_aEstates Gazette _v(9601) 6 January 1996, 92-95(4) |
||
| 520 | _aUpdate on recent case law on assignment of leases looking at original tenant liability, liability of sureties, consent to assign and disclaimer and liabilities. | ||
| 650 | _aASSIGNMENT | ||
| 650 | _aBURFORD MIDLAND PROPERTIES LTD V MARLEY EXTRUSIONS LTD | ||
| 650 | _aFRIENDS PROVIDENT LIFE OFFICE V BRITISH RAILWAYS BOARD | ||
| 650 | _aHILL V EAST & WEST INDIA DOCK COL | ||
| 650 | _aHINDCASTLE LTD V BARBARA ATTENBOROUGH ASSOCIATES LTD | ||
| 650 | _aHOLME V BRUNSKILL | ||
| 650 | _aHOWARD DE WALDEN ESTATES LTD V PASTA PLACE LTD | ||
| 650 | _aJW CHILDERS TRUSTEES V ANKER | ||
| 650 | _aKENED LTD & DEN NORSKE BANK PLC V CONNIE INVESTMENTS LTD | ||
| 650 | _aLEASES | ||
| 650 | _aMETROPOLITIAN PROPERTIES CO (REGIS) LTD V BARTHOLOMEW | ||
| 650 | _aMILVERTON GROUP LTD V WARNER WORLD LTD | ||
| 650 | _aMYTRE INVESTMENTS LD V REYNOLDS | ||
| 650 | _aOLYMPIA & YORK CANARY WHARF LTD V OIL PROPERTY INVESTMENTS LTD | ||
| 650 | _aORIGINAL TENANT LIABILITY | ||
| 650 | _aRA SECURITIES LTD V MERCANTILE CREDIT CO LTD | ||
| 650 | _aROMAIN V SCUBA TV LTD | ||
| 650 | _aROYTON INDUSTRIES LTD V LAWRENCE | ||
| 650 | _aSTACEY V HILL | ||
| 650 | _aSURETIES | ||
| 650 | _aWEST HORNDON INDUSTRIAL PARK LTD V PHOENIX TIMBER GROUP PLC | ||
| 650 | _aWH SMITH LTD V WYNDHAM INVESTMENTS LTD | ||
| 690 |
_aLandlord and tenant _96252 |
||
| 942 | _n0 | ||
| 948 | _c04/03/1997 | ||
| 999 |
_c6272 _d6272 |
||